Speak softly to the echoes / (Record no. 225)

MARC details
000 -LEADER
fixed length control field 00666nam a2200241 i 4500
005 - DATE AND TIME OF LATEST TRANSACTION
control field 20260322212011.0
008 - FIXED-LENGTH DATA ELEMENTS--GENERAL INFORMATION
fixed length control field data
010 ## - LIBRARY OF CONGRESS CONTROL NUMBER
LC control number 78053971
020 ## - INTERNATIONAL STANDARD BOOK NUMBER
International Standard Book Number 0873581768 :
Terms of availability {dollar}25.00
020 ## - INTERNATIONAL STANDARD BOOK NUMBER
International Standard Book Number 9780873581769 :
Terms of availability {dollar}25.00
040 ## - CATALOGING SOURCE
Original cataloging agency DLC
Transcribing agency DLC
Modifying agency DLC
050 00 - LIBRARY OF CONGRESS CALL NUMBER
Classification number TR654
Item number .G673
082 00 - DEWEY DECIMAL CLASSIFICATION NUMBER
Classification number 779/.092/4
092 ## - LOCALLY ASSIGNED DEWEY CALL NUMBER (OCLC)
Classification number 779 G673 1978
001 - CONTROL NUMBER
control field data
100 1# - MAIN ENTRY--PERSONAL NAME
Personal name Gore, Art,
Dates associated with a name 1926-
245 10 - TITLE STATEMENT
Title Speak softly to the echoes /
Statement of responsibility, etc. Art Gore.
250 ## - EDITION STATEMENT
Edition statement 1st ed.
260 ## - PUBLICATION, DISTRIBUTION, ETC.
Place of publication, distribution, etc. Flagstaff, Ariz. :
Name of publisher, distributor, etc. Northland Press,
Date of publication, distribution, etc. c1978.
300 ## - PHYSICAL DESCRIPTION
Extent ix, 104 p., [1] leaf of plates :
Other physical details col. ill. ;
Dimensions 24 x 32 cm.
650 #0 - SUBJECT ADDED ENTRY--TOPICAL TERM
Topical term or geographic name entry element Photography, Artistic.
650 #0 - SUBJECT ADDED ENTRY--TOPICAL TERM
Topical term or geographic name entry element Nostalgia.
Holdings
Withdrawn status Lost status Damaged status Not for loan Home library Current library Shelving location Date acquired Total checkouts Full call number Barcode Date last seen Price effective from Koha item type
        Pleasant Valley Pleasant Valley General stacks 22/03/2026   779/.092/4 BC0010233 22/03/2026 22/03/2026 Books